Méthodologies générales de traitment statistique de l'information de masse
Gardado en:
| Autor Principal: | |
|---|---|
| Formato: | Libro |
| Idioma: | francés |
| Publicado: |
París
Cedic
1980
|
| Subjects: | |
| Tags: |
Engadir etiqueta
Sen Etiquetas, Sexa o primeiro en etiquetar este rexistro!
|
MARC
| LEADER | 00000nam a2200000 a 4500 | ||
|---|---|---|---|
| 001 | UCP2675 | ||
| 003 | CL-VaPUC | ||
| 008 | 990520e19800000FR |||||||||||||||||fre|d | ||
| 082 | 0 | 4 | |a 519.5 |b MAS |2 21 |
| 100 | |a Masson, Michel |e autor |9 429599 | ||
| 245 | 1 | 0 | |a Méthodologies générales de traitment statistique de l'information de masse |
| 300 | |a 386 p | ||
| 942 | |c BK | ||
| 945 | |d 19990520 00:00:00 |a crobeson | ||
| 260 | |a París |b Cedic |c 1980 | ||
| 650 | 0 | |a Estadística matemática |9 260028 | |
| 650 | 7 | |a REGRESION |2 CL-VaPUC |9 429600 | |
| 650 | 0 | |a Análisis no lineal |9 424986 | |
| 650 | 0 | |a Análisis discriminante |9 362549 | |
| 650 | 0 | |a Análisis de correspondencias |9 429601 | |
| 650 | 0 | |a Análisis factorial |9 270905 | |
| 583 | |a last modification |c 19990520 00:00:00 |k Rodrigo Vera | ||
| 999 | |c 281178 |d 281176 | ||
| 952 | |0 0 |1 0 |4 0 |6 519_500000000000000_MAS_1980 |7 0 |8 A |9 321854 |a BIBGIM |b BIBGIM |d 2019-11-20 |i 1345869 |o 519.5 MAS 1980 |p 1345869 |r 2025-01-15 |w 2019-11-20 |y BK |k EST | ||